Online
Catalog
Normal view MARC view

Entry Término temático

Number of records used in: 2

001 - NÚMERO DE CONTROL

  • campo de control: 18994

003 - IDENTIFICADOR DEL NÚMERO DE CONTROL

  • campo de control: BNPHU

005 - FECHA Y HORA DE LA ÚLTIMA TRANSACCIÓN

  • campo de control: 20250509092516.0

008 - DATOS DE LONGITUD FIJA

  • campo de control de longitud fija: 200615|| aca||aabn | a|a d

010 ## - NÚMERO DE CONTROL DE LA BIBLIOTECA DEL CONGRESO

  • Número de control de LC: sh 85040989

040 ## - FUENTE DE LA CATALOGACIÓN

  • Centro catalogador/agencia de origen: DO-SdBNP
  • Lengua de catalogación: spa
  • Centro/agencia transcriptor: BNPHU
  • Normas de descripción: rda

150 ## - ENCABEZAMIENTO--TÉRMINO DE MATERIA

  • Término de materia o nombre geográfico como elemento de entrada: Educación

360 ## - REFERENCIA COMPLEJA DE VÉASE ADEMÁS-MATERIA

  • Texto explicativo: la subdivisión
  • Encabezamiento referido a: Educación
  • Texto explicativo: bajo nombres de denominaciones, sectas, órdenes, etc.
  • Encabezamiento referido a: Jesuitas--Educación;
  • Texto explicativo: y bajo clases especiales de personas o grupos sociales, p. ej. :
  • Encabezamiento referido a: Ciegos--Educación; Niños con discapacidades mentales--Educación; Niños de trabajadores migratorios----Educación
  • Texto explicativo: también la subdivisión
  • Encabezamiento referido a: Estudio y enseñanza bajo encabezamientos especiales, por ejemplo
  • Encabezamiento referido a: Ciencia--Estudio y enseñanza
  • Texto explicativo: y encabezamientos que comiencen con la palabra:
  • Encabezamiento referido a: Educacional o educativo

670 ## - FUENTE DE DATOS ENCONTRADOS

  • Cita de la fuente: Work cat.: (OSt)6625: Guadamuz Sandoval, Lorenzo 17392, Análisis de los determinantes del rendimiento escolar /, 1991.

Powered by Koha